Sur l'existence de la néphélinite à Rougiers (Var) / (Record no. 157671)

MARC details
000 -LEADER
campo de control de longitud fija 00815nam a22002175i 4500
001 - NÚMERO DE CONTROL
campo de control 157671
003 - IDENTIFICADOR DE NÚMERO DE CONTROL
campo de control ES-MaACL
005 - FECHA Y HORA DE LA ÚLTIMA TRANSACCIÓN
campo de control 20250815110840.0
008 - DATOS DE LONGITUD FIJA--INFORMACIÓN GENERAL
campo de control de longitud fija 040906s1889 fr |||| | fre d
040 ## - FUENTE DE CATALOGACIÓN
Centro catalogador/agencia de origen CAM
Lengua de catalogación spa
Centro/agencia transcriptor CAM
100 1# - ENTRADA PRINCIPAL--NOMBRE DE PERSONA
Nombre de persona Lévy, Michel.
9 (RLIN) 72006
245 10 - MENCIÓN DEL TÍTULO
Título Sur l'existence de la néphélinite à Rougiers (Var) /
Mención de responsabilidad, etc. par Mivhel Lévy et Collot.
260 ## - PUBLICACIÓN, DISTRIBUCIÓN, ETC.
Lugar de publicación, distribución, etc. Paris :
Nombre del editor, distribuidor, etc. Gauthier-Villars et Fils,
Fecha de publicación, distribución, etc. [s.a.]
300 ## - DESCRIPCIÓN FÍSICA
Extensión 3 p. ;
Dimensiones 29 cm.
596 ## - NOTA AL PIE DE IMPRENTA
NOTA AL PIE DE IMPRENTA Texto fechado eel 27 de mayo de 1889.
596 ## - NOTA AL PIE DE IMPRENTA
NOTA AL PIE DE IMPRENTA Gauthier-Villar et Fils, imprimeurs-éditeurs des Comptes Rendus des Séances de l'Academie des Sciences.
650 07 - PUNTO DE ACCESO ADICIONAL DE MATERIA--TÉRMINO DE MATERIA
Término de materia o nombre geográfico como elemento de entrada Geología
Fuente del encabezamiento o término embne
9 (RLIN) 13086
700 11 - ENTRADA AGREGADA--NOMBRE PERSONAL
Nombre de persona Collot.
9 (RLIN) 126545
852 ## - LOCALIZACIÓN
Ubicación ES-MaACL
Número de control de estantería T-902-F-19
Nota libre -- Enc. hol.
-- -- Enc. en un vol. facticio
Holdings
Estatus retirado Estado de pérdida Estado de daño No para préstamo Colección Biblioteca de origen Biblioteca actual Ubicación en estantería Fecha de adquisición Total de préstamos Signatura topográfica completa Código de barras Visto por última vez Precio de reemplazo Tipo de ítem Koha
        Colección de folletos Biblioteca del Ateneo de Madrid Biblioteca del Ateneo de Madrid Depósito folletos 17/01/2008   T-902-F-19 1164998 23/02/2023 23/02/2023 Folleto